Documento expedido el 14 de octubre de 1732 (Record no. 5147)

MARC details
000 -CABECERA
campo de control de longitud fija 01120nam a2200277 a 4500
001 - NÚMERO DE CONTROL
campo de control BRCA_5453
005 - FECHA Y HORA DE LA ÚLTIMA TRANSACCIÓN
campo de control 20190320205102.0
008 - DATOS DE LONGITUD FIJA--INFORMACIÓN GENERAL
campo de control de longitud fija 171210s1732----mx-####f#v---#000-0#spa-#
041 ## - CÓDIGO DE LENGUA
Código de lengua del texto/banda sonora o título independiente spa
044 ## - CÓDIGO DEL PAÍS DE LA ENTIDAD EDITORA/PRODUCTORA
Código MARC del país mx
084 ## - OTRO NÚMERO DE CLASIFICACIÓN
Número de clasificación DOC75
Número de documento/Ítem .M38
-- 1732
100 1# - ENTRADA PRINCIPAL--NOMBRE DE PERSONA
Nombre de persona Mata, Anastasio de
9 (RLIN) 13930
245 10 - MENCIÓN DE TÍTULO
Título Documento expedido el 14 de octubre de 1732
Mención de responsabilidad, etc. Anastasio de Mata.
260 ## - PUBLICACIÓN, DISTRIBUCIÓN, ETC.
Lugar de publicación, distribución, etc. México
Fecha de publicación, distribución, etc. 1732
300 ## - DESCRIPCIÓN FÍSICA
Extensión [3] fojas
Dimensiones 31 x 22 cm.
500 ## - NOTA GENERAL
Nota general El documento se refiere a un testamento, un dote y réditos de un arzobispado.
500 ## - NOTA GENERAL
Nota general El documento tiene la leyenda DOC. #75
500 ## - NOTA GENERAL
Nota general Al margen superior tiene la leyenda: SELLO QUARTO UN QUARTILLO, AÑO DE MIL SETECIENTOS TREINTA Y UNO Y TRENTA Y DOS.
500 ## - NOTA GENERAL
Nota general Estado de conservación: contiene márgenes maltratados
506 0# - NOTA DE RESTRICCIONES AL ACCESO
Limitaciones de acceso Fondo reservado: para su consulta es necesario credencial de usuario y carta de motivos
546 ## - NOTA DE LENGUA/LENGUAJE
Nota de lengua/lenguaje Texto en: español de principios del siglo XVIII
600 14 - PUNTO DE ACCESO ADICIONAL DE MATERIA--NOMBRE DE PERSONA
Nombre de persona Mata, Anastasio
9 (RLIN) 13931
650 14 - PUNTO DE ACCESO ADICIONAL DE MATERIA--TÉRMINO DE MATERIA
Término de materia o nombre geográfico como elemento de entrada Documentos legales
Subdivisión de forma Manuscrito
Subdivisión general Historia
Subdivisión cronológica Colonia,1521-1821
Subdivisión geográfica México
9 (RLIN) 13932
902 ## - CATALOGADOR
Iniciales FDH
942 ## - ELEMENTOS DE PUNTO DE ACCESO ADICIONAL (KOHA)
Fuente del sistema de clasificación o colocación Library of Congress Classification
Tipo de ítem Koha Documentos
Holdings
Estado de retiro Estado de pérdida Estado dañado No para préstamo Localización permanente Ubicación/localización actual Fecha de adquisición Total de préstamos Signatura topográfica completa Código de barras Fecha visto por última vez Precio válido a partir de Tipo de ítem Koha
El ejemplar forma parte de la colección y puede ser consultado según las políticas vigentes.       Biblioteca del Museo Franz Mayer (Rogerio Casas-Alatriste) Biblioteca del Museo Franz Mayer (Rogerio Casas-Alatriste) 17/12/2010   DOC75 .M38 1732 5888 22/03/2019 22/03/2019 Documentos